Φωτοβολταϊκά συστήματα και διοίκηση έργου για το ειδικό πρόγραμμα ανάπτυξης φωτοβολταϊκών συστημάτων σε κτιριακές εγκαταστάσεις, δώματα και στέγες κτιρίων : [πτυχιακή εργασία]
Saved in:
| Main Author: | |
|---|---|
| Corporate Author: | |
| Other Authors: | |
| Format: | Thesis Book |
| Language: | Greek |
| Published: |
2009
|
| Subjects: | |
| Online Access: | http://hdl.handle.net/11610/8320 |
| Tags: |
Add Tag
No Tags, Be the first to tag this record!
|
MARC
| LEADER | 00000cam a2200000 i 4500 | ||
|---|---|---|---|
| 001 | 1/13891 | ||
| 008 | 110623s2009 gre d | ||
| 035 | |l 10110369 | ||
| 040 | |a GR-MY-UA |b gre |e aacr | ||
| 041 | 0 | |a gre | |
| 082 | 0 | |a 621.31244 |2 (22) | |
| 100 | 1 | |a Γρηγοριάδης, Νικόλαος. | |
| 245 | 1 | 0 | |a Φωτοβολταϊκά συστήματα και διοίκηση έργου για το ειδικό πρόγραμμα ανάπτυξης φωτοβολταϊκών συστημάτων σε κτιριακές εγκαταστάσεις, δώματα και στέγες κτιρίων : |b [πτυχιακή εργασία] / |c Νικόλαος Γρηγοριάδης ; επιβλέπων: Σπυρίδων Γκολφινόπουλος |
| 260 | |c 2009 | ||
| 300 | |a 56 σ.; |b εικ., διαγρ.; |c 30 εκ. | ||
| 502 | |a Πτυχιακή εργασία – Πανεπιστήμιο Αιγαίου, Χίος, 2009. | ||
| 504 | |a Περιλαμβάνει βιβλιογραφία | ||
| 650 | 0 | 0 | |a Photovoltaic power systems |z Greece. |
| 650 | 0 | 0 | |a Solar energy. |
| 650 | 0 | 0 | |a Direct energy conversion. |
| 650 | 0 | 0 | |a Dissertations, Academic |z Greece. |
| 700 | 1 | |4 ths |a Γκολφινόπουλος, Σπυρίδων. | |
| 710 | 1 | |a Πανεπιστήμιο Αιγαίου Τμήμα Μηχανικών Οικονομίας και Διοίκησης - Τ.Μ.Ο.Δ. |b Σχολή Επιστημών της Διοίκησης. | |
| 852 | |a INST |b CHIOS |c DIATR |e 20110623 |h 621.31244 ΓΡΗ |p 005200032458 |q 005200032458 |t DIE |y 23 | ||
| 852 | |a INST |b CHIOS |c DIATR |e 20110623 |h 621.31244 ΓΡΗ |p 005200032459 |q 005200032459 |t DIE |y 23 | ||
| 856 | |u http://hdl.handle.net/11610/8320 | ||
| 901 | |a BIBL2-2011-2 | ||
| 909 | |a Χ |b 148406 | ||
| 909 | |a Χ |b 148407 | ||
| 924 | |a ΓΡΗΓΟΡΙΑΔΗΣ |b ΝΙΚΟΛΑΟΣ |y ΧΙΟΣ |z 2009-11 | ||
| 970 | |a ΠΑΡΟΙΚΑΚΗ |b ΒΑΣΙΛΙΚΗ |z 2011/06/23 | ||